County Westmeath Quiz - Statistics

General Stats
  • This quiz has been taken 6 times
  • The average score is 13 of 20
Answer Stats
Hint Answer % Correct
Famous singer from the county town, who led the show band The Drifters in the 1960s Joe Dolan
100%
CEO of Ryanair, who was born in Dublin but raised in Westmeath Michael O'Leary
100%
County town of Westmeath Mullingar
100%
Canal which flows through Westmeath Royal Canal
100%
Major town on the Shannon, which hosts the All Ireland Drama Festival every year Athlone
80%
Province Westmeath is in Leinster
80%
Bordering counties Meath
80%
Famous singer also from the county town, who was a member of One Direction Niall Horan
80%
Bordering counties Offaly
80%
Bordering counties Roscommon
80%
Bordering counties Cavan
60%
Bordering counties Longford
60%
Lake where the Children of Lir spent 300 years Lough Derravaragh
60%
Nickname for Westmeath The Lake County
60%
Author of "The Valley of Squinting Windows" Brinsley McNamara
40%
Bar in the above that claims to be the oldest in Ireland Sean's Bar
40%
Minister for Finance during the 2008 Banking Crisis Brian Lenihan
20%
Author of the Ginger Man, who lived in Westmeath for over 40 years J P Donleavy
20%
Lead singer of The Blizzards, who wrote the book "Me and my Mate Jeffrey" Niall Breslin
20%
Irish Rugby International, who scored the winning try against New Zealand in Chicago in 2016 Robbie Henshaw
0%
No matching quizzes found
Score Distribution
Percent of People with Each Score
Percentile by Number Answered
Your Score History
You have not taken this quiz